| 000 | 00523nam a2200145Ia 4500 | ||
|---|---|---|---|
| 008 | 100122s9999 xx 000 0 und d | ||
| 082 |
_b44091 _a808.5 |
||
| 100 | _aपवार शरद | ||
| 245 | _aमहाराष्ट्र : एक दृष्टीकोन | ||
| 260 |
_bपी.बी.पाटील _c1989 |
||
| 300 | _a213 | ||
| 630 | _aमहाराष्ट्र : एक दृष्टीकोन | ||
| 730 | _aमहाराष्ट्र : एक दृष्टीकोन | ||
| 942 | _cBOOK | ||
| 999 |
_c423938 _d423935 |
||